000 00234 a2200097 4500
001 59917
100 _a
245 _aContemporary Curriculum; In Through and Action
260 _aUSA
_bJohn Wiley and Sons
_c2009
090 _c36752
_d36752
942 _aNUST-CAE
_c
_c29727
999 _c294990
_d294990